Most Valuable Football Player in each Year - Statistics

General Stats
  • This quiz has been taken 73 times
  • The average score is 25 of 26
Answer Stats
Year Value (M €) Nationality Player % Correct
2009 70 Portugal Cristiano Ronaldo
100%
2014 120 Portugal Cristiano Ronaldo
100%
2015 120 Portugal Cristiano Ronaldo
100%
2009 70 Argentina Lionel Messi
100%
2010 100 Argentina Lionel Messi
100%
2011 100 Argentina Lionel Messi
100%
2012 120 Argentina Lionel Messi
100%
2013 120 Argentina Lionel Messi
100%
2014 120 Argentina Lionel Messi
100%
2015 120 Argentina Lionel Messi
100%
2016 120 Argentina Lionel Messi
100%
2018 200 France Kylian Mbappé
97%
2019 200 France Kylian Mbappé
97%
2020 200 France Kylian Mbappé
97%
2021 160 France Kylian Mbappé
97%
2022 180 France Kylian Mbappé
97%
2023 180 France Kylian Mbappé
97%
2017 150 Brazil Neymar
97%
2004 50 Brazil Ronaldinho
96%
2005 50 Brazil Ronaldinho
96%
2006 70 Brazil Ronaldinho
96%
2007 80 Brazil Ronaldinho
96%
2008 80 Brazil Ronaldinho
96%
2023 180 Norway Erling Haaland
94%
2024 200 Norway Erling Haaland
94%
2025 200 Spain Yamine Yamal
90%
No matching quizzes found
Score Distribution
Percent of People with Each Score
Percentile by Number Answered
Your Score History
You have not taken this quiz